000 00735nam a2200229 i 4500
001 43547
003 ES-MaACL
005 20250825062628.0
007 t|
008 030318s1971 sp ||||1| spa d
080 _a087.5:82
080 _a821.134.2-31"19"
100 1 _aCastroviejo, Concha.
_936991
245 1 4 _aLos días de Lina /
_cConcha Castroviejo.
260 _aMadrid :
_bEmesa [Magisterio Español],
_c[1971]
300 _a154 p. :
_bil. ;
_c18 cm.
490 1 _aNovelas y cuentos ;
_v99. Literatura española. Novela siglo XX
655 7 _aLibros infantiles
_2tgfbne
_9226786
830 1 0 _aNovelas y cuentos
_v99. Literatura española. Novela siglo XX
_9179596
852 _aES-MaACL
_jC-41622
999 _c43547
_d43547